000 00822nam a2200301 a 4500
003 AR-BaBNM
005 20251128203305.0
008 082120s2002 ||||||||||||||000 | spa||
020 _a950-46-0094-8
040 _cAR-BaBNM
100 1 _aAlegría, Ciro
245 0 0 _aOnce animales con alma y uno con garras
260 _aBuenos Aires
_bAlfaguara
_c1988
300 _a109 p.
_bil.
490 0 _aJuvenil Alfaguara
_vv. 121
500 _aContiene biografía del autor en la contratapa
650 4 _aLITERATURA INFANTIL
650 4 _aLITERATURA POPULAR
650 4 _aFOLKLORE
650 4 _aLEYENDAS
650 4 _aLITERATURA LATINOAMERICANA
650 4 _aCOSTUMBRES
655 _aLITERATURA
700 1 _aVarona, Dora
_eeditor
700 1 _aMeléndez, Francisco
_eilustrador
942 _cBK
998 _claura
999 _c2738
_d2738